Discrete mathematics with graph theory / (Record no. 5178)

MARC details
000 -LEADER
fixed length control field 01234cam a2200349 i 4500
003 - CONTROL NUMBER IDENTIFIER
control field EG-ScBUE
005 - DATE AND TIME OF LATEST TRANSACTION
control field 20240917101348.0
008 - FIXED-LENGTH DATA ELEMENTS--GENERAL INFORMATION
fixed length control field 150816t2006 njua f b 001 0 eng d
020 ## - INTERNATIONAL STANDARD BOOK NUMBER
International Standard Book Number 0131679953
020 ## - INTERNATIONAL STANDARD BOOK NUMBER
International Standard Book Number 9780131679955
040 ## - CATALOGING SOURCE
Original cataloging agency EG-ScBUE
Language of cataloging eng
Description conventions rda
Transcribing agency EG-ScBUE
Modifying agency EG-ScBUE
082 04 - DEWEY DECIMAL CLASSIFICATION NUMBER
Classification number 511
Item number GOO
Edition number 22
100 1# - MAIN ENTRY--PERSONAL NAME
Personal name Goodaire, Edgar G.,
Relator term author.
9 (RLIN) 33860
245 10 - TITLE STATEMENT
Title Discrete mathematics with graph theory /
Statement of responsibility, etc Edgar G. Goodaire, Memorial University of Newfoundland, Michael M. Parmenter, Memorial University of Newfoundland.
250 ## - EDITION STATEMENT
Edition statement Third edition.
264 #1 - PUBLICATION, DISTRIBUTION, ETC. (IMPRINT)
Place of publication, distribution, etc Upper Saddle River, New Jersey :
Name of publisher, distributor, etc Prentice Hall,
Date of publication, distribution, etc [2006]
264 #4 - PUBLICATION, DISTRIBUTION, ETC. (IMPRINT)
Date of publication, distribution, etc c2006
300 ## - PHYSICAL DESCRIPTION
Extent 1 volume (various pagings) :
Other physical details illustrations ;
Dimensions 25 cm
336 ## - CONTENT TYPE
Source rdacontent
Content type term text
Content type code txt
337 ## - MEDIA TYPE
Media type term unmediated
Source rdamedia
Media type code n
338 ## - CARRIER TYPE
Carrier type term volume
Carrier type code nc
Source rdacarrier
504 ## - BIBLIOGRAPHY, ETC. NOTE
Bibliography, etc Includes bibliographical references and index.
590 ## - LOCAL NOTE (RLIN)
Local note Mohamed Hussein
650 #7 - SUBJECT ADDED ENTRY--TOPICAL TERM
Topical term or geographic name as entry element Mathematics.
Source of heading or term BUEsh
650 #7 - SUBJECT ADDED ENTRY--TOPICAL TERM
Topical term or geographic name as entry element Computer science
General subdivision Mathematics.
Source of heading or term BUEsh
650 #7 - SUBJECT ADDED ENTRY--TOPICAL TERM
Topical term or geographic name as entry element Graph theory.
Source of heading or term BUEsh
651 ## - SUBJECT ADDED ENTRY--GEOGRAPHIC NAME
Source of heading or term BUEsh
653 ## - INDEX TERM--UNCONTROLLED
Resource For college Engineering, General
Arrived date list August2015
655 ## - INDEX TERM--GENRE/FORM
Form subdivision Reading book
700 1# - ADDED ENTRY--PERSONAL NAME
Personal name Parmenter, Michael M.,
Relator term author.
9 (RLIN) 33864
942 ## - ADDED ENTRY ELEMENTS (KOHA)
Koha item type Book - Borrowing
Source of classification or shelving scheme Dewey Decimal Classification
Holdings
Withdrawn status Lost status Source of classification or shelving scheme Damaged status Not for loan Collection code Home library Current library Shelving location Date acquired Source of acquisition Total Checkouts Total Renewals Full call number Barcode Date last seen Date checked out Koha item type
    Dewey Decimal Classification     Baccah Central Library Central Library First floor 21/10/2007 Purchase 11 15 511 GOO 000006461 15/07/2025 27/09/2023 Book - Borrowing
    Dewey Decimal Classification     Baccah Central Library Central Library First floor 21/10/2007 Purchase     511 GOO 000009205 15/07/2025   NB - Book (Non borrowing)
    Dewey Decimal Classification     Baccah Central Library Central Library First floor 21/10/2007 Purchase 7 14 511 GOO 000009206 15/07/2025 27/09/2023 Book - Borrowing
    Dewey Decimal Classification     Baccah Central Library Central Library First floor 21/10/2007 Purchase 5 19 511 GOO 000009987 15/07/2025 05/08/2024 Book - Borrowing
    Dewey Decimal Classification     Baccah Central Library Central Library Lower Floor 01/10/2013 Purchase 2 38 005.1 GOO 000029145 15/07/2025 09/10/2017 Book - Borrowing
    Dewey Decimal Classification     Baccah Central Library Central Library Lower Floor 01/10/2013 Purchase 3 36 005.1 GOO 000029146 15/07/2025 23/10/2017 Book - Borrowing